000 00624nam a2200229Ia 4500
003 OSt
005 20221007080635.0
006 a|||||r|||| 00| 0
007 ta
008 221006b |||||||| |||| 00| 0 eng d
024 _a7,926
037 _cTextual
040 _aFLL
_cFLL
_beng
041 _2eng
_aeng
082 _aY1:45:61z7, L21
100 _aAtkins Burton M.
_9695140
245 0 _aPrisons protest and politics
260 _aNew Jersey
_b Prentice-Hall, Inc. New
_c1972
300 _ax,180p
_ccm.
942 _hY1:45:61z7, L21
_cTEXL
_2CC
999 _c1160395
_d1160395